Africa investor report 2011 : towards evidence-based investment promotion strategies.

Bibliographic Details
Corporate Author: United Nations Industrial Development Organization (UNIDO)
Format: Book
Published: Vienna: UNIDO, 2011.
Subjects:
LEADER 00579cam a2200169 7i4500
001 0000029322
005 20130325090000.0
020 0 0 |a 9789211064506  
090 0 0 |a AFRI 338.9   |b UNI 
110 2 0 |a United Nations Industrial Development Organization (UNIDO) 
245 2 0 |a Africa investor report 2011 :   |b towards evidence-based investment promotion strategies. 
260 0 0 |a Vienna:   |b UNIDO,   |c 2011. 
300 # # |a 214 p. 
650 0 0 |a Economic development --   |z Africa  
650 0 0 |a Economic conditions --   |z Africa  
651 0 0 |a Africa  
999 |a 0000032156  |b Book  |c Regions  |e Business Information Centre